| 000 | 00876nac a22002531u 4500 | ||
|---|---|---|---|
| 010 | _a 78004528 | ||
| 020 | _a0070609292 | ||
| 082 | 0 | 0 |
_a628 _bS8134 |
| 090 |
_c4032 _d4032 |
||
| 100 | _aSteel, E. W. | ||
| 245 | 1 | 0 |
_aWater supply and sewerage / _cE. W. Steel, Terence J. McGhee. |
| 250 | _a5th ed. | ||
| 260 |
_aNew York : _bMcGraw-Hill,1979 _c1979. |
||
| 300 |
_axiv, 665 p. : _bill. ; _c24 cm. |
||
| 490 | 0 | _aMcGraw-Hill series in water resources and environmental engineering | |
| 504 | _aIncludes bibliographical references and index. | ||
| 650 | 0 | _aWater-supply engineering. | |
| 650 | 0 | _aWater-supply. | |
| 650 | 0 | _aSewerage. | |
| 650 | 0 | _aSewage. | |
| 700 | 1 | _aMcGhee, Terence J., | |
| 942 |
_cBB _k628S8134 |
||
| 999 |
_c4032 _d4032 |
||